02723nam a2200301 a 4500003000400000005001700004007001500021008004100036040000800077100003700085245022300122264004200345300006000387336002700447337002900474338003900503502003000542504005900572520131300631650004901944650006501993650004002058700006102098856007302159942005602232999001902288952011402307OSt20260209145603.0cr ||||||a|c|a230525s2019 mx a|||fom||| 001 0 spa d erda1 9187188aOltehua Vazquez, Marisol10aSusceptibilidad de Fusarium oxysporum f.sp. cubense causante del mal de Panamá en plátano manzano (Musa SP., ABB) a aceites esenciales /cpor Marisol Oltehua Vazquez; director de tesis Luciano Martínez Bolaños. 1aTabasco, México :bEl autor,c2019. a1 recurso en línea (72 páginas):bcuadros, figuras. 2rdacontentatextobtxt 2rdamediaacomputadorabc 2rdacarrierarecurso en líneabcr bIAEZTcURUSSEd2019.gLIC aIncluye referencias bibliográficas: páginas 60-61. aEl Mal del Panamá causado por Fusarium oxysporum f.sp. cubense (FOC) es una de las enfermedades más destructivas que afectan a los plátanos y bananos en el mundo (Ploetz 2000; Stove 1962). El patógeno infecta al sistema radicular de las plantas, y posteriormente, coloniza el sistema vascular del rizoma y del pseudotallo. Se evaluó el efecto in vitro de bioaceites esenciales en el crecimiento micelial de FOC, posteriormente, se determinó su efectividad en el control de la enfermedad en vitroplantas de plátano manzano (Musa SP., ABB) inoculadas previamente con FOC. Se realizó un análisis de varianza de los resultados y comparaciones de medias de los tratamientos (Duncan, p≤ 0.05%). En las pruebas in vitro el aceite esencial de P. dioica y O. vulgare inhibieron el crecimiento miceliar del hongo; mientras que el aceite esencial de Eucalyptus urograndis, Piper auritum y Foeniculum vulgare a concentraciones de 1000, 3000 y 5000 μl L-1 inhibieron el crecimiento de FOC por 30 días. Para la fase in vivo los aceites esenciales que inhibieron el desarrollo de FOC en plátano manzano fueron los de O. vulgare y Foeniculum vulgare. Los resultados del presente estudio abren una perspectiva para el desarrollo de un programa de manejo integral sostenible de Fusarium en musáceas. 49164496aPlátano x enfermedades por hongos 49131844aAceites esencialesxEfecto en hongos fitopatógenos 49130783aFusarium oxysporumxControl0 971868aMartínez Bolaños, LucianoeDirector de tesis. uhttp://10.13.5.2/tesis/tl/Oltehua_Vazquez_Marisol.pdfzDESCARGAR PDF 2Clasificación Universidad Autónoma ChapingocTD c218829d218829 00102local4051708TesDigLaBDbBDcE_Ld2023-05-25l0oTesis digitalr2023-05-25 00:00:00w2023-05-25yTD